000 00659nam a2200289Ia 4500
005 20260324115949.0
008 008 260324s9999 xx 000 0 eng d
020 _a9781315714684
037 _aEBOOK
040 _aCRL
040 _beng
040 _cCRL
041 _2eng
041 _aeng
084 _qCRL
100 _aLucia Volk
_91156684
245 4 _aThe Middle East in the World
245 3 _bAn Introduction
260 _bTaylor and Francis
260 _c2015
365 _a
365 _b290
856 _uhttp://www.taylorfrancis.com/books/9781315714684
942 _cEBOOK
999 _c1747950
_d1747950